| 000 | 00476nam a2200181Ia 4500 | ||
|---|---|---|---|
| 001 | 1916 | ||
| 005 | 20260306143804.0 | ||
| 008 | 260306t2001||||xx |||||||||||||| ||spa|| | ||
| 041 | _aESP | ||
| 082 |
_a158.1 _bN49 |
||
| 100 |
_aNewstrom, John W. _eAUT |
||
| 245 | 0 |
_a100 ejercicios para dinámica de grupos: _bUna estrategia de aprendizaje y enseñanza |
|
| 260 | _c2001 | ||
| 300 |
_a215 páginas : _c21 cm. |
||
| 650 | _aGEN | ||
| 654 | _aCPS | ||
| 942 |
_cLIB _dJUS _fJUS _2ddc _n |
||
| 999 |
_c1916 _d1916 |
||